Changes in American standards - language, life styles and values

Gespeichert in:
Bibliographische Detailangaben
1. Verfasser: Bláhová, Mária
Format: Buchkapitel
Sprache:Englisch
Schlagworte:
Tags: Tag hinzufügen
Keine Tags, Fügen Sie das erste Tag hinzu!

MARC

LEADER 00000naa$a2200000$$$4500
001 0239474
005 20240502073859.7
041 0 |a eng 
044 |a SK 
245 1 0 |a Changes in American standards - language, life styles and values  |c Mária Bláhová 
610 2 0 |a komunikácia verbálna 
610 2 0 |a komunikácia neverbálna 
610 2 0 |a štýl životný 
610 2 0 |a identita 
610 2 0 |a história 
610 2 0 |a prezidenti 
610 2 0 |a politika 
610 2 0 |a USA 
100 1 |a Bláhová, Mária